[Event "Chigorin Memorial 30th"]
[Site "St Petersburg"]
[Date "2023.10.29"]
[Round "9"]
[White "Lezina, Anna"]
[Black "Makarchik, Arseniy Vik"]
[Result "1/2-1/2"]
[WhiteElo "1813"]
[BlackElo "1401"]
[PlyCount "103"]
[EventDate "2023.10.21"]
[EventType "swiss"]
[EventRounds "9"]
[EventCountry "RUS"]
[SourceTitle "Mega2024 Update 01"]
[Source "Chessbase"]
[SourceDate "2023.11.12"]
[SourceVersion "1"]
[SourceVersionDate "2023.11.12"]
[SourceQuality "1"]

1. e4 e5 2. Nf3 Nc6 3. d4 exd4 4. Nxd4 Nf6 5. Nxc6 bxc6 6. e5 Nd5 7. c4 Nb6 8. Bd3 Bc5 9. 0-0 0-0 10. Nd2 Qe7 11. Qh5 g6 12. Qh6 Qxe5 13. Ne4 Bd4 14. Bg5 f5 15. Nd2 Qg7 16. Qh3 Re8 17. Rae1 Ba6 18. Rxe8+ Rxe8 19. b3 d6 20. Nf3 Bf6 21. Bh6 Qd7 22. Qg3 Bg7 23. Bf4 c5 24. h4 Bb7 25. h5 Bxf3 26. Qxf3 c6 27. hxg6 hxg6 28. Qg3 Re6 29. Rd1 d5 30. Bc2 d4 31. Qg5 Qe8 32. g4 Bf6 33. Qh6 Bg7 34. Qg5 Bf6 35. Qh6 Bg7 36. Qh3 fxg4 37. Qxg4 Nd7 38. Kh1 Nf6 39. Qg5 Ne4 40. Qg2 Qe7 41. Bg3 Nc3 42. Rg1 Ne2 43. Rd1 g5 44. Bh2 Rh6 45. f4 Nxf4 46. Qg4 Be5 47. Rg1 Bf6 48. Qxf4 Qe2 49. Bd1 Rxh2+ 50. Qxh2 Qe4+ 51. Rg2 Qe1+ 52. Qg1 1/2-1/2

[Event "Chigorin Memorial 30th"]
[Site "St Petersburg"]
[Date "2023.10.22"]
[Round "2"]
[White "Makarchik, Arseniy Vik"]
[Black "Imashev, Ildar"]
[Result "0-1"]
[WhiteElo "1401"]
[BlackElo "1979"]
[PlyCount "80"]
[EventDate "2023.10.21"]
[EventType "swiss"]
[EventRounds "9"]
[EventCountry "RUS"]
[SourceTitle "Mega2024 Update 01"]
[Source "Chessbase"]
[SourceDate "2023.11.12"]
[SourceVersion "1"]
[SourceVersionDate "2023.11.12"]
[SourceQuality "1"]

1. e4 c5 2. Nf3 g6 3. d4 Bg7 4. Nc3 cxd4 5. Nxd4 Nc6 6. Be3 Nf6 7. f3 0-0 8. Qd2 d5 9. 0-0-0 e5 10. Nxc6 bxc6 11. exd5 Nxd5 12. Bc5 Be6 13. Ne4 Qc7 14. c4 Rfd8 15. h4 h6 16. g4 a5 17. a3 Nf4 18. Bd6 Qb6 19. Qc3 a4 20. Rh2 Qa5 21. Qe3 Re8 22. Rhd2 Qa6 23. Nc5 Qa7 24. Qe4 f5 25. Qxc6 Rec8 26. Qb5 Bf7 27. Nb7 Be8 28. Qb4 Bc6 29. Nc5 Bxf3 30. gxf5 Bxd1 31. Rxd1 gxf5 32. Nd3 Nxd3+ 33. Bxd3 e4 34. Bc2 Rab8 35. Qe1 Bxb2+ 36. Kd2 Qd4+ 37. Ke2 Qxc4+ 38. Ke3 Qc3+ 39. Qxc3 Rxc3+ 40. Kf4 Rf3# 0-1